Reponse a John Lewis

Αποθηκεύτηκε σε:
Λεπτομέρειες βιβλιογραφικής εγγραφής
Κύριος συγγραφέας: Althusser, Louis, 1918-1990
Μορφή: Βιβλίο
Γλώσσα:French
Δημοσίευση: Paris : Francois Maspero, 1973.
Θέματα:
Ετικέτες: Προσθήκη ετικέτας
Δεν υπάρχουν, Καταχωρήστε ετικέτα πρώτοι!

MARC

LEADER 00000nam a2200000 a 4500
001 1/127197
008 230904t1973####fr | ||| |||| ||fre||
040 |a GR-MyUa  |b gre  |c GR-MyUa  |e AACR2 
041 0 |a fre 
082 7 |a 335.4  |2 (23) 
100 1 |a Althusser, Louis,   |d 1918-1990. 
245 1 0 |a Reponse a John Lewis /   |c Louis Althusser.  
260 |a Paris :   |b Francois Maspero,   |c 1973.  
300 |a 101 σ.   |c 20 εκ. 
504 |a Περιέχει βιβλιογραφικές αναφορές.  
650 0 |a Dialectical materialism. 
852 |a INST  |b SAMOS  |e 20230904  |h 335.4 ALT  |p 005300047808  |q 005300047808  |t BK  |y 0 
970 |a Φιλιππή  |b Φάλη  |z 04-09-2023